El Golpe de Estado en El Salvador: un cambio hacia la democratización?

שמור ב:
מידע ביבליוגרפי
מחבר ראשי: Flores Pinel, Fernando
מחבר תאגידי: Universidad Centroamericana José Simeón Cañas
פורמט: Texto
יצא לאור: Panamá: Universidad de Panamá
תגים: הוספת תג
אין תגיות, היה/י הראשונ/ה לתייג את הרשומה!

MARC

LEADER 00000 a a2200000 04500
001 20326
003
040
090 |a 084500  
100 |a Flores Pinel, Fernando  
110 |a Universidad Centroamericana José Simeón Cañas  
245 |a El Golpe de Estado en El Salvador: un cambio hacia la democratización?  
260 |a Panamá:   |b Universidad de Panamá  
300 |a 33 p.  
999 |c 15926  |d 15926